000 00982nas a2200337 4500
001 BR0502952
003 BR-BrBNA
005 20231205105419.0
007 ta
008 230509b bl.|||p| |||| 00| 00por d
040 _aBR-BrBNA
_bpor
_cBiblioteca Nacional de Agricultura
041 _a(Pt)
072 _aF01; F04
100 1 _aCeccon, G.
100 1 _aGrassi Filho, H.
100 1 _aBicudo, S.J.
245 1 _aRendimento de grãos de aveia branca (Avena sativa L.)em densidades de plantas e doses de nitrogênio
650 _aAVEIA
650 _aAVENA SATIVA
650 _aGRÃO
650 _aNITROGÊNIO
650 _aADUBAÇÃO
650 _aDENSIDADE DE PLANTIO
650 _aRENDIMENTO
650 _aMÉTODO ESTATÍSTICO
650 _aPLANTIO DIRETO
650 _aSÃO PAULO
773 0 _tCiência Rural (Brazil)
_xISSN 0103-8478
_g(Nov-Dec 2004), v. 34(6) p. 1723-1729
_wBR0502952
909 _a202311
_bLúcia
_c55
_dLúcia Elande
942 _2AGRIS
_n0
_cANA
999 _c182845
_d182845